|
|
|
|
| LEADER |
00000nam0a2200000 4500 |
| 001 |
353875 |
| 005 |
20231102010633.0 |
| 035 |
|
|
|a (RuTPU)RU\TPU\retro\11133
|
| 090 |
|
|
|a 353875
|
| 100 |
|
|
|a 20200604d1964 k y0rusy50 ca
|
| 101 |
0 |
|
|a rus
|
| 102 |
|
|
|a RU
|
| 105 |
|
|
|a a z 001zy
|
| 200 |
1 |
|
|a Металлургия. 1962
|e [сборник статей]
|f Академия наук СССР, Всесоюзный институт научной и технической информации ; отв. ред. Н. В. Агеев
|
| 210 |
|
|
|a Москва
|c Изд-во ВИНИТИ
|d 1964
|
| 215 |
|
|
|a 349 с.
|c ил.
|
| 225 |
1 |
|
|a Итоги науки и техники
|
| 225 |
1 |
|
|a Металлургия
|
| 320 |
|
|
|a Библиогр. в конце ст.
|
| 606 |
1 |
|
|a Металлургия общая
|2 stltpush
|3 (RuTPU)RU\TPU\subj\43016
|9 62604
|
| 610 |
1 |
|
|a черная металлургия
|
| 610 |
1 |
|
|a мартеновское производство
|
| 610 |
1 |
|
|a сталь
|
| 610 |
1 |
|
|a разливка
|
| 610 |
1 |
|
|a порошковая металлургия
|
| 610 |
1 |
|
|a полупроводники
|
| 610 |
1 |
|
|a сварка
|
| 610 |
1 |
|
|a пайка
|
| 610 |
1 |
|
|a склеивание
|
| 610 |
1 |
|
|a текучесть
|
| 610 |
1 |
|
|a металлы
|
| 610 |
1 |
|
|a сплавы
|
| 610 |
1 |
|
|a технический анализ
|
| 675 |
|
|
|a 669
|v 3
|
| 702 |
|
1 |
|a Агеев
|b Н. В.
|g Никлоай Владимирович
|4 340
|
| 712 |
0 |
2 |
|a Академия наук СССР
|b Всесоюзный институт научной и технической информации
|c (Москва)
|c (1955-1991)
|2 stltpush
|3 (RuTPU)RU\TPU\col\8361
|9 24513
|
| 801 |
|
1 |
|a RU
|b 63413507
|c 20200604
|
| 801 |
|
2 |
|a RU
|b 63413507
|c 20210716
|g RCR
|
| 942 |
|
|
|c BK
|